<?xml version="1.0" encoding="UTF-8"?>
<record
    xmlns:xsi="http://www.w3.org/2001/XMLSchema-instance"
    xsi:schemaLocation="http://www.loc.gov/MARC21/slim http://www.loc.gov/standards/marcxml/schema/MARC21slim.xsd"
    xmlns="http://www.loc.gov/MARC21/slim">

  <leader>00933nam0a2200277   4500</leader>
  <controlfield tag="001">RU\NLR\ONL1\9675</controlfield>
  <controlfield tag="005">20250613120329.0</controlfield>
  <datafield tag="035" ind1=" " ind2=" ">
    <subfield code="a">(NLR Aleph) 009638423</subfield>
  </datafield>
  <datafield tag="090" ind1=" " ind2=" ">
    <subfield code="a">9535449</subfield>
    <subfield code="c">9535449</subfield>
  </datafield>
  <datafield tag="100" ind1=" " ind2=" ">
    <subfield code="a">20060919d1931    |||y0rusy50      ca</subfield>
  </datafield>
  <datafield tag="101" ind1="0" ind2=" ">
    <subfield code="a">udm</subfield>
  </datafield>
  <datafield tag="102" ind1=" " ind2=" ">
    <subfield code="a">RU</subfield>
  </datafield>
  <datafield tag="105" ind1=" " ind2=" ">
    <subfield code="a">y |||||||||</subfield>
  </datafield>
  <datafield tag="200" ind1="1" ind2=" ">
    <subfield code="a">&#x41A;&#x44B;&#x437;&#x44C;&#x44B; &#x448;&#x443;&#x43D;&#x448;&#x435;&#x43F;&#x435;&#x437; &#x431;&#x44B;&#x434;&#x442;&#x43E;&#x43D;&#x43E;</subfield>
    <subfield code="e">[&#x412;&#x44B;&#x441;&#x438;&#x441;&#x44C; &#x442;&#x44B;&#x441;&#x44C;&#x43B;&#x44B; &#x441;&#x43E;&#x446;&#x438;&#x430;&#x43B;&#x438;&#x437;&#x43C;&#x43E; &#x445;&#x43E;&#x437;&#x44F;&#x439;&#x441;&#x442;&#x432;&#x43E;&#x438;&#x43D; &#x438;&#x43D;&#x442;&#x44B; &#xF6;&#x437;&#xF6;&#x43B;</subfield>
    <subfield code="f">&#x41F;&#x435;&#x440;. &#x41A;&#x430;&#x44E;&#x43A;&#x438;&#x43D;&#x430;]</subfield>
  </datafield>
  <datafield tag="210" ind1=" " ind2=" ">
    <subfield code="a">&#x418;&#x436;&#x43A;&#x430;&#x440;</subfield>
    <subfield code="c">&#x423;&#x434;&#x43A;&#x43D;&#x438;&#x433;&#x430;</subfield>
    <subfield code="d">1931</subfield>
  </datafield>
  <datafield tag="215" ind1=" " ind2=" ">
    <subfield code="a">24 &#x441;.</subfield>
    <subfield code="d">18</subfield>
  </datafield>
  <datafield tag="541" ind1="1" ind2=" ">
    <subfield code="a">&#x41A;&#x430;&#x43A; &#x431;&#x43E;&#x440;&#x43E;&#x442;&#x44C;&#x441;&#x44F; &#x441; &#x433;&#x43E;&#x43B;&#x43E;&#x432;&#x43D;&#x435;&#x439;</subfield>
    <subfield code="z">rus</subfield>
  </datafield>
  <datafield tag="606" ind1="0" ind2=" ">
    <subfield code="a">&#x413;&#x43E;&#x43B;&#x43E;&#x432;&#x43D;&#x44F;</subfield>
    <subfield code="x">&#x411;&#x43E;&#x440;&#x44C;&#x431;&#x430; &#x441; &#x43D;&#x435;&#x439;</subfield>
    <subfield code="9">1478945</subfield>
    <subfield code="3">RU\NLR\auth\66320259</subfield>
  </datafield>
  <datafield tag="686" ind1="1" ind2=" ">
    <subfield code="a">&#x41F;478</subfield>
  </datafield>
  <datafield tag="700" ind1=" " ind2="1">
    <subfield code="a">&#x41D;&#x438;&#x43A;&#x438;&#x442;&#x438;&#x43D;&#x430;</subfield>
    <subfield code="b">&#x422;. &#x424;.</subfield>
    <subfield code="4">070</subfield>
  </datafield>
  <datafield tag="801" ind1=" " ind2="0">
    <subfield code="a">RU</subfield>
    <subfield code="b">NLR</subfield>
    <subfield code="c">20060919</subfield>
    <subfield code="g">PSBO</subfield>
  </datafield>
  <datafield tag="852" ind1=" " ind2=" ">
    <subfield code="a">NLR</subfield>
    <subfield code="b">&#x41E;&#x41D;&#x41B;</subfield>
    <subfield code="j">&#x423;&#x434;&#x43C;&#x443;&#x440;./2-249</subfield>
  </datafield>
  <datafield tag="942" ind1=" " ind2=" ">
    <subfield code="c">BOOK</subfield>
  </datafield>
  <datafield tag="980" ind1=" " ind2=" ">
    <subfield code="a">NB</subfield>
  </datafield>
  <datafield tag="995" ind1=" " ind2=" ">
    <subfield code="5">2013-10-26</subfield>
    <subfield code="b">NLR01</subfield>
    <subfield code="c">NLR01</subfield>
    <subfield code="e">ONL</subfield>
    <subfield code="f">1-2989549</subfield>
    <subfield code="k">&#x423;&#x434;&#x43C;&#x443;&#x440;./2-249</subfield>
    <subfield code="o">0</subfield>
    <subfield code="r">BOOK</subfield>
    <subfield code="s">2249_</subfield>
  </datafield>
</record>
